| 000 | 02051cam a22004934i 4500 | ||
|---|---|---|---|
| 003 | PE-LiUPU | ||
| 005 | 20250731173450.0 | ||
| 008 | 150616s r 000 0 d | ||
| 020 | _a8427116764 | ||
| 035 | _a(Sirsi) i9788427116764 | ||
| 040 |
_aPE-LiUPU _bspa _cPE-LiUPU _erda |
||
| 049 | _aPRUA | ||
| 082 | 0 | 4 |
_a262.91 _bA42 _221 |
| 100 | 1 |
_aAlonso Schökel, Luis, _d1920-, _eautor. |
|
| 245 | 1 | 3 |
_aLa palabra de Dios en la historia de los hombres : _bcomentario temático a la Constitución "Dei Verbum" del Vaticano II sobre la divina revelación / _cedición dirigida por Luis Alonso Schökel, Antonio Mª Antola ; en colaboración con, A. Antón [y otros]0. |
| 264 | 1 |
_aBilbao : _bEdiciones Mensajero, _c1991. |
|
| 300 |
_a702 páginas ; _c22 centímetros |
||
| 336 |
_atext _2rdacontent |
||
| 337 |
_aunmediated _2rdamedia |
||
| 338 |
_avolume _2rdacarrier |
||
| 504 | _aIncluye notas bibliográficas. | ||
| 505 | 0 | _aHistoria de la constitución DEI VERBUM -- Naturaleza de la revelación -- Transmisión de la revelación Divina -- Inspiración Divina e interpretación de la sagrada escritura -- Interpretación de la sagrada escritura -- El nuevo testamento -- La Sagrada Escritura en la vida de la iglesia. | |
| 526 | _aSEG42 | ||
| 526 | _aSEG41 | ||
| 526 | _aSEG40 | ||
| 526 | _aSEG39 | ||
| 526 | _aP94 | ||
| 526 | _aP87 | ||
| 526 | _aP86 | ||
| 526 | _aP85 | ||
| 526 | _aP77 | ||
| 526 | _aP76 | ||
| 526 | _aP35 | ||
| 650 | 0 | 4 | _aPalabra de Dios (Teología). |
| 650 | 0 | 4 | _aRevelación. |
| 700 | 1 | _aArtola, Antonio María. | |
| 910 |
_ajck _bjvq _cjck |
||
| 942 |
_2ddc _cBOOK |
||
| 949 |
_a262.91 A42 _wDEWEY _c1 _i33859 _lCCODEBUL1 _mBUL _r0 _sY _tBOOK _u2015-6-16 _xTEOLOGIA _zUNKNOWN _0COMPRA _o.STAFF. Colección General |
||
| 994 |
_aC0 _bPEPRU |
||
| 596 | _a1 | ||
| 999 |
_a262.91 A42 _wDEWEY _c57509 _i33859 _d57509 _f2021-11-10 _g5 _lCCODEBUL1 _mBUL _q1 _r0 _sY _tBOOK _u2015-6-16 _xTEOLOGIA _zUNKNOWN _0COMPRA _o.STAFF. Colección General |
||
| 980 |
_81 _gALBERTO SANCHEZ Responsable de Automatización |
||